000 00270nam a2200121Ia 4500
008 190216s9999||||xx |||||||||||||| ||und||
100 _aAnthony Trollope
245 4 _aThe Three Clerks
260 _bLongmans
_c1952
300 _a118p
650 _aSpeeches
942 _cBK
999 _c11723
_d11723